Environmentálne smernice Európskeho parlamentu a Rady Európskej únie

Smernica 2002/95/ES (RoHS) o obmedzení používania určitých nebezpečných látok v elektrických a elektronických zariadeniach. Ciele smernice. Dôvody prijatia smernice. Najdôležitejšie opatrenia smernice (RoHS).

Na minha lista:
Detalhes bibliográficos
Autor principal: Koleňák, Roman
Outros Autores: Koleňáková, Monika, Ulrich, Koloman
Formato: Capítulo de Livro
Idioma:eslovaco
Assuntos:
Tags: Adicionar Tag
Sem tags, seja o primeiro a adicionar uma tag!

MARC

LEADER 00000naa$a2200000$$$4500
001 0036283
005 20231018133133.7
041 0 |a slo 
044 |a SK 
245 1 0 |a Environmentálne smernice Európskeho parlamentu a Rady Európskej únie  |c Roman Koleňák, Monika Koleňáková, Koloman Ulrich 
520 |a Smernica 2002/95/ES (RoHS) o obmedzení používania určitých nebezpečných látok v elektrických a elektronických zariadeniach. Ciele smernice. Dôvody prijatia smernice. Najdôležitejšie opatrenia smernice (RoHS). 
610 2 0 |a smernice 
610 2 0 |a Európska únia 
610 2 0 |a politika environmentálna 
610 2 0 |a látky nebezpečné 
610 2 0 |a elektronika 
610 2 0 |a odpad 
100 1 |a Koleňák, Roman 
700 1 |a Koleňáková, Monika 
700 1 |a Ulrich, Koloman